[Event "ICS rated blitz match"]
[Site "207.99.83.229"]
[Date "1999.06.19"]
[Round "?"]
[White "Tryagain"]
[Black "Hossa"]
[Result "1-0"]
[WhiteElo "2645"]
[BlackElo "2512"]
[PlyCount "66"]

1. e4 e6 2. d4 d5 3. Nc3 dxe4 4. Nxe4 Be7 5. Nf3 Nd7 6. Bd3 Ngf6 7. O-O Nxe4 8.
Bxe4 O-O 9. Qe2 c5 10. Rd1 cxd4 11. Nxd4 Qb6 12. c4 Nf6 13. Bf3 Rd8 14. Be3 Qa5
15. Nb5 Rxd1+ 16. Qxd1 a6 17. Na7 e5 18. Qb3 e4 19. Nxc8 Rxc8 20. Bxe4 Nxe4 21.
Qxb7 Nd6 22. Qxe7 Nxc4 23. Bd4 Qd8 24. Qe4 Qg5 25. Bc3 a5 26. Re1 h6 27. h4 Qh5
28. Qd4 f6 29. Qd7 Qc5 30. Re7 Qxe7 31. Qxe7 Kh8 32. Bxf6 Rg8 33. Bd4 33... a4
{Hossa resigns} 1-0

[Event "ICS Rated blitz match"]
[Site "207.99.83.229"]
[Date "1999.06.19"]
[Round "?"]
[White "Hossa"]
[Black "Talmoves"]
[Result "1-0"]
[WhiteElo "2502"]
[BlackElo "2561"]
[PlyCount "98"]

1. e4 c6 2. d4 d5 3. exd5 cxd5 4. c3 Nc6 5. Bf4 Nf6 6. Bb5 e6 7. Nf3 Qa5 8.
Bxc6+ bxc6 9. O-O Ba6 10. Re1 Be7 11. Ne5 Qb5 12. Nd2 Qxb2 13. Nxc6 Qxc3 14.
Rc1 Qa3 15. Re3 Bd3 16. Nf3 Ne4 17. Rxd3 Qxa2 18. Rc2 Qa6 19. Nfe5 Bf6 20. f3
Nd6 21. Ng4 Nc4 22. Nb4 Qa5 23. Nxf6+ gxf6 24. Qe1 Rg8 25. Ra2 Qd8 26. Qh4 Qb6
27. Ra4 a5 28. Nc2 Qb1+ 29. Ne1 Rg6 30. Kf1 Rc8 31. Qxh7 Ke7 32. Bg3 Rgg8 33.
Qh6 Rg6 34. Qf4 Ke8 35. Kg1 Nb2 36. Rb3 e5 37. dxe5 f5 38. Rxa5 d4 39. Ra7 Kf8
40. Qxd4 Qd1 41. Qxb2 Rxg3 42. Ra1 Rxg2+ 43. Kxg2 Qd8 44. Rb7 Qg5+ 45. Kh1 Kg8
46. Qg2 Qxg2+ 47. Nxg2 Kf8 48. f4 Rd8 49. Ne3 49... Kg7 {Talmoves resigns} 1-0

[Event "ICS rated standard match"]
[Site "207.99.83.229"]
[Date "1999.06.19"]
[Round "?"]
[White "Hossa"]
[Black "Hosford"]
[Result "1-0"]
[WhiteElo "2141"]
[BlackElo "1991"]
[PlyCount "61"]

1. e4 e6 2. d4 d5 3. Nc3 Nf6 4. Bg5 Be7 5. e5 Nfd7 6. Bxe7 Qxe7 7. Qh5 a6 8.
O-O-O c5 9. Nf3 b5 10. Bd3 Nc6 11. dxc5 Nxc5 12. Kb1 Nxd3 13. Rxd3 Bb7 14. Ne2
h6 15. Ned4 Rc8 16. Nxc6 Bxc6 17. Nd4 a5 18. Rc3 Kd7 19. Qe2 b4 20. Rxc6 Rxc6
21. Nxc6 Kxc6 22. Qa6+ Kd7 23. Qa7+ Ke8 24. Qxa5 Qb7 25. Rc1 Kd7 26. c3 bxc3
27. Qa4+ Ke7 28. Qa3+ Kd7 29. Qd6+ Ke8 30. Rxc3 Qd7 31. Qb8+ {Hosford resigns}
1-0

[Event "ICS Rated blitz match"]
[Site "207.99.83.229"]
[Date "1999.06.19"]
[Round "?"]
[White "SuperChicken"]
[Black "Hossa"]
[Result "1-0"]
[WhiteElo "2713"]
[BlackElo "2521"]
[PlyCount "80"]

1. e4 d5 2. exd5 Nf6 3. Bb5+ Bd7 4. Bc4 b5 5. Bb3 Bg4 6. f3 Bc8 7. Nc3 b4 8.
Ne4 Nxd5 9. Ne2 Nc6 10. O-O f5 11. Ba4 Bd7 12. Nc5 e5 13. Ne6 Qe7 14. Nxf8 Qxf8
15. d4 Qd6 16. Bxc6 Bxc6 17. dxe5 Qxe5 18. Nd4 Qf6 19. Re1+ Kf7 20. Re6 Qxe6
21. Nxe6 Kxe6 22. Qe2+ Kf7 23. Qc4 Bb7 24. Bd2 a5 25. Qb5 Rhb8 26. Qd7+ Kg8 27.
Qxf5 Re8 28. Re1 Rxe1+ 29. Bxe1 Re8 30. Kf2 c6 31. Qd7 Rb8 32. Kg1 Ba8 33. Bg3
Rf8 34. Bd6 b3 35. cxb3 Nf4 36. Bxf8 Kxf8 37. Qd6+ Ke8 38. Qxf4 Ke7 39. Qc7+
Kf6 40. Qd8+ 40... Kf7 {Hossa resigns} 1-0

[Event "ICS rated blitz match"]
[Site "207.99.83.229"]
[Date "1999.06.19"]
[Round "?"]
[White "Hossa"]
[Black "wimpy"]
[Result "1/2-1/2"]
[WhiteElo "2513"]
[BlackElo "2240"]
[PlyCount "113"]

1. e4 c5 2. Nc3 d6 3. Nf3 Nf6 4. d4 cxd4 5. Nxd4 g6 6. Bb5+ Nbd7 7. f4 a6 8. e5
dxe5 9. fxe5 axb5 10. exf6 Nxf6 11. Ncxb5 Bg7 12. O-O O-O 13. Qf3 Qd5 14. Qxd5
Nxd5 15. c4 Nb4 16. a4 Nd3 17. b3 Nxc1 18. Raxc1 Bd7 19. Nf3 Bc6 20. Nc7 Rad8
21. Nd5 Bxd5 22. cxd5 Rxd5 23. Rc7 b5 24. Rxe7 bxa4 25. bxa4 Ra5 26. Re4 Rfa8
27. Re7 Rxa4 28. Kf2 Ra2+ 29. Kg3 Bf6 30. Re4 R8a3 31. h4 Kg7 32. Kh3 Ra4 33.
Ree1 R2a3 34. g3 h5 35. Rf2 Ra2 36. Rff1 Rc2 37. Rd1 Raa2 38. Rde1 Rf2 39. Rc1
Rxf1 40. Rxf1 Ra3 41. Kg2 Ra2+ 42. Kh3 Ra3 43. Kg2 Be7 44. Ne5 f6 45. Nc4 Ra2+
46. Kf3 g5 47. Ne3 Ra3 48. hxg5 fxg5 49. Ke4 Kg6 50. Nd5 Ra4+ 51. Ke5 Bd8 52.
Rf8 Ra8 53. Ke6 Ra6+ 54. Ke5 Ra8 55. Ke6 Ra6+ 56. Ke5 Ra8 57. Ke6 {
Game drawn by repetition} 1/2-1/2

[Event "ICS rated blitz match"]
[Site "207.99.83.229"]
[Date "1999.06.19"]
[Round "?"]
[White "Maitre"]
[Black "Hossa"]
[Result "1-0"]
[WhiteElo "2358"]
[BlackElo "2507"]
[PlyCount "61"]

1. f4 Nf6 2. Nf3 e6 3. d4 Be7 4. c4 d5 5. Nc3 Nbd7 6. e3 O-O 7. Bd3 dxc4 8.
Bxc4 Nb6 9. Bd3 Bd7 10. O-O Nbd5 11. e4 Nxc3 12. bxc3 Bc6 13. Qe2 Qe8 14. Ne5
Ba4 15. f5 Bd6 16. Rb1 Rb8 17. Bg5 Kh8 18. Bxf6 gxf6 19. Ng4 Qc6 20. Qb2 Be7
21. e5 fxe5 22. Nxe5 Qe8 23. Qc1 f6 24. Qh6 fxe5 25. fxe6 Rxf1+ 26. Rxf1 Qg8
27. Rf7 Qxg2+ 28. Kxg2 Rg8+ 29. Kf1 Rg1+ 30. Kxg1 e4 31. Qg7# {Hossa checkmated
} 1-0

[Event "ICS rated standard match"]
[Site "207.99.83.229"]
[Date "1999.06.19"]
[Round "?"]
[White "Pinhead"]
[Black "Hossa"]
[Result "0-1"]
[WhiteElo "1981"]
[BlackElo "2150"]
[PlyCount "49"]

1. e4 c5 2. Nf3 d6 3. d4 cxd4 4. Nxd4 Nf6 5. Nc3 a6 6. Bg5 Nbd7 7. Bc4 Qa5 8.
Qd2 e6 9. Bb3 Be7 10. O-O Qb6 11. h3 O-O 12. Be3 Nc5 13. f3 a5 14. Ndb5 Bd7 15.
a4 Rad8 16. Qf2 Qc6 17. Rad1 Kh8 18. Nxd6 Nxb3 19. Nxf7+ Rxf7 20. cxb3 Bb4 21.
Nb5 Nxe4 22. Qh4 Nf6 23. Nd4 Qd5 24. Ne2 Qxb3 25. g4 {Pinhead resigns} 0-1

[Event "ICS rated standard match"]
[Site "207.99.83.229"]
[Date "1999.06.19"]
[Round "?"]
[White "nijin"]
[Black "Hossa"]
[Result "1-0"]
[WhiteElo "1968"]
[BlackElo "2159"]
[PlyCount "134"]

1. e4 c5 2. Nf3 d6 3. Nc3 Nc6 4. d4 cxd4 5. Nxd4 Nf6 6. Bb5 Bd7 7. O-O g6 8.
Bg5 Bg7 9. Nxc6 bxc6 10. Bc4 Rb8 11. Bb3 O-O 12. Qd2 c5 13. Rab1 Rc8 14. Bc4
Ng4 15. Rfe1 Bd4 16. Rf1 Bg7 17. Rbe1 Be5 18. f4 Bd4+ 19. Kh1 h6 20. Bh4 Be6
21. Nd5 Re8 22. h3 Bxd5 23. exd5 Ne3 24. Rxe3 Bxe3 25. Qxe3 Rb8 26. Rb1 Qd7 27.
Qe4 Qa4 28. Be1 Rb7 29. Bc3 Reb8 30. Kg1 Rf8 31. Rf1 Re8 32. f5 g5 33. Re1 Rf8
34. h4 f6 35. hxg5 hxg5 36. Kf2 Rf7 37. Ke2 Rh7 38. b3 Qd7 39. Bd3 Rh4 40. Qe3
Rh2 41. Qg3 Rh6 42. Kd2 c4 43. bxc4 Qa4 44. Qe3 Rc7 45. Rb1 Qe8 46. Ba5 Rc5 47.
Bb4 Rc8 48. Qxa7 Ra8 49. Qd4 Rxa2 50. Bxd6 exd6 51. c5 dxc5 52. Qxc5 Rh2 53. d6
Rxg2+ 54. Kc3 Rg3 55. Qd5+ Kf8 56. d7 Qd8 57. Rb8 Ra3+ 58. Kd2 Rg2+ 59. Ke3
Rxd3+ 60. cxd3 Qxb8 61. d8=Q+ Qxd8 62. Qxd8+ Kg7 63. Qe7+ Kg8 64. Qe8+ Kh7 65.
Qg6+ Kh8 66. Qxf6+ Kg8 67. Qg6+ 67... Kf8 {Hossa resigns} 1-0

[Event "ICS rated standard match"]
[Site "207.99.83.229"]
[Date "1999.06.19"]
[Round "?"]
[White "Hossa"]
[Black "far"]
[Result "1-0"]
[WhiteElo "2157"]
[BlackElo "1866"]
[PlyCount "253"]

1. f4 d5 2. Nf3 Nc6 3. e3 Nf6 4. Bb5 a6 5. Bxc6+ bxc6 6. O-O e6 7. c4 Bc5 8.
Ne5 Bb7 9. cxd5 cxd5 10. Qa4+ c6 11. Qc2 Qb6 12. d4 Bd6 13. Nc3 Rc8 14. Na4 Qc7
15. Nd3 Ne4 16. Ndc5 Nxc5 17. Nxc5 Bxc5 18. Qxc5 Qe7 19. Qxe7+ Kxe7 20. Bd2 c5
21. dxc5 Rc6 22. b4 Kd7 23. Rac1 Rhc8 24. h4 a5 25. bxa5 Rxc5 26. Rxc5 Rxc5 27.
Rc1 Rxc1+ 28. Bxc1 Kc6 29. Bd2 Kb5 30. a3 Ka4 31. Bb4 Kb3 32. Kf2 Kc2 33. g4
Kd3 34. Bf8 g6 35. g5 Ke4 36. Bg7 Ba6 37. Bd4 Bc4 38. Bf6 Ba6 39. Bg7 Bb5 40.
Be5 Ba6 41. Bf6 Bc4 42. Bc3 Ba6 43. Be5 Bb5 44. Bb2 Ba6 45. Bc3 Kd3 46. Bb4 d4
47. exd4 Kxd4 48. Bd6 Ke4 49. Be5 Kf5 50. Kf3 Bb7+ 51. Kg3 Ke4 52. h5 Kd5 53.
hxg6 fxg6 54. Kf3 Kc4+ 55. Ke3 Kb5 56. Bc3 Kc4 57. Bd4 Kd5 58. Kd3 Ba6+ 59. Kc3
Bc4 60. Be5 Ba6 61. Kb4 Kc6 62. a4 Be2 63. Bc3 Ba6 64. Bf6 Kd5 65. Ba1 Kc6 66.
Bd4 Kd5 67. Bh8 Kc6 68. Bg7 Kd5 69. Kc3 Be2 70. Be5 Ba6 71. Bc7 Kc5 72. Bb8 Kd5
73. Kb4 Kd4 74. Bc7 Kd5 75. Be5 Kc6 76. Bb2 Kd5 77. Bg7 Kc6 78. Bc3 Kd5 79. Bf6
Kc6 80. Kc3 Kd5 81. Be5 Kc5 82. Bg7 Kd5 83. Kb3 Bc4+ 84. Ka3 Ba6 85. Be5 Kc4
86. Bb2 Bb7 87. Bf6 Ba6 88. Be7 Bb7 89. Bd6 Ba6 90. Be5 Bb7 91. Bg7 Ba6 92. Bf8
Bb7 93. Be7 Ba6 94. Bd6 Bb7 95. Bf8 Ba6 96. Bb4 Bb7 97. Bd2 Ba6 98. Be3 Kd5 99.
Kb4 Kc6 100. Bc5 Kd5 101. Be7 Kd4 102. Bd6 Kd5 103. Bc7 Kd4 104. Be5+ Kd5 105.
Kb3 Bc4+ 106. Ka3 Ba6 107. Bc3 Kc4 108. Bf6 Bb7 109. Bd8 Ba6 110. Bb6 Bb7 111.
a6 Bxa6 112. Bc7 Kd5 113. Kb4 Kd4 114. Be5+ Kd5 115. Ka5 Bc4 116. Kb6 Ke4 117.
a5 Kf3 118. a6 Kg4 119. Kb7 Bd5+ 120. Kb8 Kh5 121. a7 h6 122. gxh6 Kxh6 123.
Bf6 Kh5 124. Kc7 Kg4 125. Bg5 Kf5 126. Bh6 e5 127. Kd6 {far resigns} 1-0

[Event "ICS rated standard match"]
[Site "207.99.83.229"]
[Date "1999.06.19"]
[Round "?"]
[White "Hossa"]
[Black "cement"]
[Result "1-0"]
[WhiteElo "2162"]
[BlackElo "1912"]
[PlyCount "51"]

1. f4 d6 2. e4 g6 3. Bb5+ c6 4. Be2 Bg7 5. Nf3 Nf6 6. Nc3 b5 7. e5 dxe5 8. fxe5
Ng4 9. d4 O-O 10. O-O Bb7 11. Ne4 Na6 12. Nfg5 Nh6 13. c3 Qc7 14. a4 Rad8 15.
axb5 cxb5 16. Bxb5 Qb6 17. Qa4 Nc7 18. Be2 f6 19. Qxa7 Qc6 20. Bf3 Ra8 21.
Nxf6+ exf6 22. Bxc6 Rxa7 23. Rxa7 Bxc6 24. Rxc7 Bd5 25. exf6 Bxf6 26. Nxh7 {
cement resigns} 1-0

[Event "ICS rated blitz match"]
[Site "207.99.83.229"]
[Date "1999.06.19"]
[Round "?"]
[White "Frank"]
[Black "Hossa"]
[Result "0-1"]
[WhiteElo "2127"]
[BlackElo "2485"]
[PlyCount "36"]

1. d4 d5 2. Nf3 e6 3. Bf4 Bb4+ 4. c3 Bd6 5. e3 Bxf4 6. exf4 Nf6 7. Bd3 Qd6 8.
g3 Nbd7 9. Nbd2 O-O 10. b4 a5 11. a3 Qc6 12. Qc1 axb4 13. axb4 Rxa1 14. Qxa1
Ne4 15. Nb1 Ndf6 16. O-O Bd7 17. Ne5 Qb6 18. Nd2 18... Nxd2 {Frank resigns} 0-1

[Event "ICS rated blitz match"]
[Site "207.99.83.229"]
[Date "1999.06.19"]
[Round "?"]
[White "Hossa"]
[Black "Baldo"]
[Result "1-0"]
[WhiteElo "2489"]
[BlackElo "2189"]
[PlyCount "70"]

1. f4 d5 2. Nf3 e6 3. e3 f5 4. Be2 Nf6 5. O-O Bd6 6. Nc3 c6 7. d4 O-O 8. Bd2
Nbd7 9. Ne5 Ne4 10. Be1 Ndf6 11. Bd3 Bd7 12. Qf3 Be8 13. Qh3 Bh5 14. Bxe4 fxe4
15. Qxe6+ Bf7 16. Nxf7 Rxf7 17. Bg3 Qc7 18. Rae1 Re8 19. Qf5 Ref8 20. Bh4 Ne8
21. Qh5 Nf6 22. Bxf6 Rxf6 23. Qg5 Rg6 24. Qh4 Qc8 25. Qh5 Rh6 26. Qe2 Qf5 27.
a3 g5 28. g3 g4 29. Nd1 Rg6 30. c4 h5 31. cxd5 cxd5 32. Qb5 h4 33. Nc3 hxg3 34.
hxg3 Qh5 35. Qxd5+ 35... Qxd5 {Baldo resigns} 1-0

[Event "ICS rated standard match"]
[Site "207.99.83.229"]
[Date "1999.06.19"]
[Round "?"]
[White "Oliva"]
[Black "Hossa"]
[Result "0-1"]
[WhiteElo "2100"]
[BlackElo "2168"]
[PlyCount "24"]

1. d4 d5 2. Nf3 e6 3. c4 dxc4 4. Nc3 Bb4 5. e3 b5 6. a4 c6 7. Bd2 Ba6 8. Be2
Nf6 9. O-O O-O 10. Ne5 Bb7 11. axb5 cxb5 12. Nxb5 12... Qd5 {Oliva resigns} 0-1

[Event "ICS rated blitz match"]
[Site "207.99.83.229"]
[Date "1999.06.19"]
[Round "?"]
[White "Oliva"]
[Black "Hossa"]
[Result "0-1"]
[WhiteElo "2182"]
[BlackElo "2494"]
[PlyCount "90"]

1. d4 d5 2. Nf3 e6 3. g3 Nf6 4. Bg2 c5 5. c3 cxd4 6. cxd4 Bd6 7. Nc3 O-O 8. O-O
Qb6 9. Ne5 Nbd7 10. Nf3 a5 11. a3 Ra6 12. Re1 Qd8 13. e4 Nxe4 14. Nxe4 dxe4 15.
Rxe4 Rc6 16. Bd2 Qb6 17. Bc3 Nf6 18. Rh4 Nd5 19. Ne5 Rc7 20. Qh5 h6 21. Bxd5
exd5 22. Re1 Be7 23. Rf4 Bg5 24. Rg4 Bxg4 25. Qxg4 Qb5 26. h4 Bf6 27. Nf3 Rcc8
28. Qf5 Rfe8 29. Ne5 Rc7 30. f4 Re6 31. h5 Rce7 32. Kf2 Qb3 33. Re2 b6 34. Qh3
Rc7 35. g4 Be7 36. Qe3 Bxa3 37. g5 Be7 38. gxh6 Rxh6 39. Qf3 a4 40. Ng4 Rd6 41.
f5 Qb5 42. Qf4 Bh4+ 43. Kf3 Qd3+ 44. Ne3 Be7 45. h6 45... gxh6 {Oliva resigns}
0-1

[Event "ICS rated standard match"]
[Site "207.99.83.229"]
[Date "1999.06.19"]
[Round "?"]
[White "Hossa"]
[Black "bookbuilder"]
[Result "0-1"]
[WhiteElo "2169"]
[BlackElo "2521"]
[PlyCount "165"]

1. f4 Nf6 2. Nf3 Nc6 3. Nc3 d5 4. e3 Bg4 5. Be2 Qd7 6. Ne5 Nxe5 7. fxe5 Bxe2 8.
Qxe2 Ng8 9. O-O O-O-O 10. Rxf7 Qe6 11. Rf3 Qxe5 12. d4 Qe6 13. e4 dxe4 14. Nxe4
Nf6 15. Ng3 Qd5 16. Be3 e6 17. Bf2 Re8 18. c4 Qd7 19. Ne4 Be7 20. Rf1 Kb8 21.
Nc3 Rhf8 22. b3 Bb4 23. Nb5 a6 24. Nc3 h6 25. Re1 g5 26. Rg3 Qf7 27. Qc2 Bd6
28. Rh3 Ng4 29. Ne4 Bb4 30. Rd1 Qg6 31. Be1 Be7 32. Qe2 Rf4 33. Nf2 Nxf2 34.
Bxf2 g4 35. Re3 Bf6 36. Red3 Re4 37. Qd2 Bg5 38. Be3 Qf7 39. Bxg5 hxg5 40. Qxg5
Rf8 41. Qd2 Rf4 42. Qe1 Qf6 43. a4 Re4 44. Qd2 Qf7 45. a5 Rf4 46. Qe1 Qf6 47.
R3d2 Qf5 48. Re2 Rd8 49. Rf2 Rxf2 50. Qxf2 Qg5 51. Qe2 g3 52. hxg3 Qxg3 53. Rd3
Qg6 54. d5 exd5 55. Rxd5 Rh8 56. Qd3 Qe8 57. Qd2 Qe7 58. Rg5 Qh7 59. Kf2 Qh4+
60. Ke2 Qe4+ 61. Qe3 Qc2+ 62. Kf3 Qd1+ 63. Kg3 Qd6+ 64. Kf2 Rf8+ 65. Ke2 Qf6
66. Qc1 c5 67. Rd5 Rg8 68. g4 Rxg4 69. Kd3 Rg3+ 70. Ke4 Qe6+ 71. Re5 Qg6+ 72.
Rf5 Rg4+ 73. Qf4+ Rxf4+ 74. Kxf4 Qd6+ 75. Kf3 Qd1+ 76. Kf4 Ka7 77. Rd5 Qxb3 78.
Rxc5 b5 79. Rc7+ Kb8 80. Rc6 bxc4 81. Rh6 Qb2 82. Kf5 c3 83. Rh8+ {
Hossa resigns} 0-1

[Event "ICS rated standard match"]
[Site "207.99.83.229"]
[Date "1999.06.19"]
[Round "?"]
[White "Hossa"]
[Black "sss20"]
[Result "0-1"]
[WhiteElo "2165"]
[BlackElo "2114"]
[PlyCount "135"]

1. e4 e5 2. Nf3 Nc6 3. d4 exd4 4. Bc4 Bb4+ 5. c3 dxc3 6. bxc3 Ba5 7. Qb3 Qe7 8.
O-O Nf6 9. Ba3 d6 10. Re1 Nd7 11. Bd5 Bb6 12. Bxc6 bxc6 13. e5 Nc5 14. Bxc5
dxc5 15. a4 Be6 16. Qc2 Ba5 17. Qe4 Bd5 18. Qg4 O-O 19. Nh4 Be6 20. Nf5 Bxf5
21. Qxf5 Rfd8 22. Ra2 Rab8 23. Rc1 Rd5 24. Re2 Rbd8 25. Re4 Qd7 26. Qxd7 R8xd7
27. Ree1 Kf8 28. g3 Ke7 29. h4 Rd3 30. Kg2 h5 31. Re2 Ke6 32. f4 g6 33. Kh2 Rf3
34. Rb2 a6 35. c4 Re3 36. Rf1 Rd4 37. Rc1 Be1 38. Rg2 Rdd3 39. g4 hxg4 40. Rxg4
Kf5 41. Rg2 Kxf4 42. h5 gxh5 43. Rg7 Rd7 44. Kh1 Rxe5 45. Rg1 Bg3 46. Nc3 h4
47. Rgf1+ Kg4 48. Nd1 Re2 49. Rc3 Kh3 50. Kg1 Rg2+ 51. Kh1 Rh2+ 52. Kg1 Rdd2
53. Ne3 Ra2 54. Rxf7 a5 55. Rf5 Rxa4 56. Nf1 Ra1 57. Rff3 Rg2+ 58. Kh1 Rga2 59.
Rf8 a4 60. Rcf3 Rh2+ 61. Kg1 Rg2+ 62. Kh1 Rc2 63. Rh8 Rc3 64. Rxh4+ Kxh4 65.
Rxc3 Rxf1+ 66. Kg2 Rf2+ 67. Kg1 Ra2 68. Kf1 {Hossa resigns} 0-1

[Event "ICS Rated standard match"]
[Site "207.99.83.229"]
[Date "1999.06.19"]
[Round "?"]
[White "ssv"]
[Black "Hossa"]
[Result "0-1"]
[WhiteElo "2100"]
[BlackElo "2147"]
[PlyCount "53"]

1. e4 c5 2. d4 cxd4 3. c3 dxc3 4. Nxc3 Nc6 5. Bc4 e6 6. Nf3 Qc7 7. O-O Nf6 8.
Qe2 Be7 9. Rd1 a6 10. Be3 O-O 11. Rac1 Ng4 12. Bb3 Bd6 13. h3 Nxe3 14. fxe3 Bg3
15. Nd4 Qe5 16. Qf3 Na5 17. Nce2 Nxb3 18. Nxb3 Bh2+ 19. Kh1 f5 20. g3 fxe4 21.
Qg2 Bxg3 22. Nxg3 Rf3 23. Rg1 Rxe3 24. Rcf1 Qg5 25. Qf2 Rf3 26. Nxe4 Rxh3+ 27.
Qh2 {ssv resigns} 0-1

[Event "ICS rated standard match"]
[Site "207.99.83.229"]
[Date "1999.06.19"]
[Round "?"]
[White "Hossa"]
[Black "EA6PZ"]
[Result "1-0"]
[WhiteElo "2150"]
[BlackElo "2334"]
[PlyCount "50"]

1. e4 c5 2. Nf3 Nc6 3. Bb5 e6 4. O-O Nge7 5. Re1 a6 6. Be2 d5 7. exd5 Nxd5 8.
d4 cxd4 9. Nxd4 Bc5 10. Nxc6 bxc6 11. c4 Qb6 12. Rf1 Nf6 13. Nc3 Bd4 14. Na4
Qa7 15. c5 Bxc5 16. Nxc5 Qxc5 17. Be3 Qb4 18. Qc2 Bd7 19. Bc5 Qf4 20. Rad1 e5
21. Qd3 Nd5 22. Qa3 Bc8 23. g3 Qf6 24. Qa4 Qe6 25. Bg4 25... Qxg4 {
EA6PZ resigns} 1-0

[Event "ICS rated standard match"]
[Site "207.99.83.229"]
[Date "1999.06.19"]
[Round "?"]
[White "tusk"]
[Black "Hossa"]
[Result "0-1"]
[WhiteElo "1962"]
[BlackElo "2174"]
[PlyCount "86"]

1. e4 e5 2. Nf3 Nc6 3. Bb5 Bb4 4. c3 Ba5 5. Bxc6 dxc6 6. b4 Bb6 7. Nxe5 Qg5 8.
d4 Qxg2 9. Qf3 Qxf3 10. Nxf3 a5 11. Rg1 g6 12. Bg5 axb4 13. cxb4 f6 14. Bd2 g5
15. Be3 Ne7 16. a4 g4 17. Nfd2 f5 18. Nc3 f4 19. Bxf4 Bxd4 20. Ndb1 O-O 21. Bg3
Ng6 22. Ra3 c5 23. bxc5 Bxc5 24. Ra2 Nf4 25. Rd2 Be6 26. Bh4 Nh3 27. Rg2 Rac8
28. Rd1 Nf4 29. Rg1 h5 30. Rd2 Ng6 31. Bg5 Ne5 32. Rg3 Nf3+ 33. Rxf3 Rxf3 34.
e5 Bb4 35. Be3 Rf5 36. Rd4 Bxc3+ 37. Nxc3 Rxe5 38. Rb4 b6 39. Rb5 Rxb5 40. axb5
Bc4 41. Bf4 c6 42. bxc6 Rxc6 43. Kd2 43... Kf7 {tusk resigns} 0-1

[Event "ICS rated standard match"]
[Site "207.99.83.229"]
[Date "1999.06.19"]
[Round "?"]
[White "Hossa"]
[Black "harria"]
[Result "1-0"]
[WhiteElo "2181"]
[BlackElo "2502"]
[PlyCount "52"]

1. e4 e5 2. f4 exf4 3. Nf3 d6 4. Bc4 h6 5. Nc3 g5 6. d4 g4 7. Ng1 Qh4+ 8. Kf1
f3 9. gxf3 Nf6 10. fxg4 Bxg4 11. Qe1 Qxe1+ 12. Kxe1 Nc6 13. Be3 Na5 14. Bb5+ c6
15. Bd3 b5 16. a3 Nc4 17. Bxc4 bxc4 18. Kd2 Rb8 19. Rf1 Nh5 20. Kc1 a5 21. Rf2
Bg7 22. Rg2 Be6 23. Nge2 Bh3 24. Rgg1 Rf8 25. Kb1 Rb7 26. Ng3 26... Nf6 {
harria resigns} 1-0

[Event "ICS rated blitz match"]
[Site "207.99.83.229"]
[Date "1999.06.19"]
[Round "?"]
[White "Hossa"]
[Black "Talmoves"]
[Result "1/2-1/2"]
[WhiteElo "2475"]
[BlackElo "2570"]
[PlyCount "227"]

1. e4 e5 2. f4 exf4 3. Nf3 g5 4. h4 g4 5. Ng5 h6 6. Nxf7 Kxf7 7. Bc4+ d5 8.
Bxd5+ Ke8 9. d4 Nf6 10. Nc3 Bb4 11. Bxf4 Nxd5 12. exd5 Qxd5 13. O-O Bxc3 14.
bxc3 Nc6 15. Qd2 Be6 16. Rae1 Kd7 17. c4 Qxc4 18. Rxe6 Kxe6 19. d5+ Kd7 20.
dxc6+ Kxc6 21. Be5 Rhe8 22. Rf4 Qc5+ 23. Bd4 Qd6 24. Rf6 Re6 25. Qc3+ Kd7 26.
Rf7+ Re7 27. Bc5 Rxf7 28. Bxd6 cxd6 29. Qb3 Ke8 30. Qe6+ Kf8 31. Qxd6+ Kg8 32.
Qxh6 g3 33. h5 Raf8 34. Qg6+ Rg7 35. Qe6+ Kh7 36. Qe4+ Kh8 37. Qe5 Rd8 38. Kf1
Kg8 39. h6 Rf7+ 40. Ke2 Rdd7 41. Qxg3+ Kh7 42. Qh4 Rde7+ 43. Kd2 Re6 44. Qd4
Rg6 45. g4 Kxh6 46. Qh8+ Kg5 47. Qh5+ Kf6 48. c4 Rfg7 49. Qf5+ Ke7 50. Qc5+
Rd6+ 51. Kc3 Rxg4 52. Qe5+ Re6 53. Qc7+ Kf6 54. Qxb7 Rg3+ 55. Kd2 a6 56. Qa8
Rd6+ 57. Kc2 Ra3 58. Qf8+ Ke6 59. Kb2 Rad3 60. a4 Kd7 61. Qf5+ Kc7 62. Kc2 Rd2+
63. Kc3 Rd1 64. a5 Rc1+ 65. Kb4 Rcd1 66. Qf7+ Rd7 67. Qf6 R1d6 68. Qe5 Kb7 69.
Qg3 Rd8 70. Qe3 R8d7 71. Qe4+ Ka7 72. Kc5 Rh6 73. Qe3 Rhd6 74. Qe5 Rg6 75. Qf4
Re6 76. Qf2 Red6 77. Qf8 Rg6 78. Qc8 Rg5+ 79. Kb4 Rb7+ 80. Ka4 Rg2 81. Qc5+ Ka8
82. Ka3 Rg3+ 83. Ka2 Rg2+ 84. Ka1 Rd2 85. Qg5 Rd3 86. Ka2 Rbd7 87. Kb2 Rd2+ 88.
Ka3 R7d3+ 89. Kb4 Rb2+ 90. Kc5 Rdd2 91. Qf5 Rdc2 92. Kd4 Rd2+ 93. Kc3 Rf2 94.
Qc8+ Ka7 95. Qc7+ Ka8 96. Qc6+ Ka7 97. Qc5+ Kb7 98. Qe7+ Ka8 99. Qd8+ Ka7 100.
Qd7+ Ka8 101. Qd5+ Ka7 102. Qd4+ Ka8 103. Qh8+ Ka7 104. Qg7+ Ka8 105. Qg6 Kb7
106. Qd3 Kc6 107. Qd5+ Kc7 108. Qg5 Kc8 109. Kd3 Kb7 110. Qe7+ Ka8 111. Qe4+
Ka7 112. Kc3 Rfe2 113. Qd3 Ra2 114. Qd4+ {Game drawn by the 50 move rule}
1/2-1/2

[Event "ICS Rated standard match"]
[Site "207.99.83.229"]
[Date "1999.06.19"]
[Round "?"]
[White "Hossa"]
[Black "Ris"]
[Result "1-0"]
[WhiteElo "2188"]
[BlackElo "1913"]
[PlyCount "249"]

1. e4 c6 2. d4 d5 3. exd5 cxd5 4. c3 Nc6 5. Bf4 Bf5 6. Be2 e6 7. Nf3 Bd6 8.
Bxd6 Qxd6 9. O-O Nf6 10. Nbd2 h6 11. Bb5 O-O 12. Qe2 a6 13. Bxc6 Qxc6 14. Ne5
Qc7 15. Rae1 Nd7 16. Nxd7 Qxd7 17. Nf3 Rac8 18. Ne5 Qc7 19. Qh5 f6 20. Ng6 Qf7
21. Ne7+ Qxe7 22. Qxf5 Rfe8 23. Qg4 Rc6 24. Re3 f5 25. Qh5 Qf7 26. Qxf7+ Kxf7
27. f4 Rh8 28. Re5 Rcc8 29. h4 g6 30. Rfe1 Rhe8 31. Kh2 h5 32. R5e2 Re7 33. a4
Rc4 34. Ra1 a5 35. Re5 b6 36. Kg3 Rb7 37. Re3 Rbc7 38. Kh2 R4c6 39. Re5 Rc4 40.
Ra3 R4c6 41. Kh3 Rc4 42. Ra2 R4c6 43. Ra1 Rc4 44. Re3 R4c6 45. g3 Rc4 46. Kh2
Kf6 47. Kh3 Kf7 48. Kh2 Kf6 49. Kg2 Kf7 50. Kg1 Kf6 51. Kf2 Ke7 52. Ra3 Kd6 53.
Kg2 Ke7 54. Ra2 Kf6 55. Kf2 Ke7 56. Kg1 Kf6 57. Kh2 Kf7 58. Kh3 Kf6 59. Ra3 Kf7
60. Kh2 Kf6 61. Kg2 Ke7 62. Kh1 Kf6 63. Ra1 Kf7 64. Rf3 Kf6 65. Kg2 Kf7 66. Kh3
Kf6 67. Rf2 Kf7 68. Kh2 Kf6 69. Re2 Kf7 70. Kg1 Kf6 71. Ra3 Kf7 72. Re5 Kf6 73.
Kg2 Kf7 74. Re2 Kf6 75. Kh3 Kf7 76. Ra2 Kf6 77. Kh2 Kf7 78. Kh1 Kf6 79. Ra1 Kf7
80. Kg2 Kf6 81. Re5 Kf7 82. Ra2 Kf6 83. Kf3 Kf7 84. Re3 Kf6 85. Ra1 R7c6 86.
Re2 Kf7 87. Re5 Kf6 88. Ke3 Kf7 89. Kd2 Kf6 90. Re3 Rc7 91. Rae1 Re7 92. b3 Rc6
93. Re5 Rb7 94. Kc2 b5 95. axb5 Rxb5 96. Ra1 Ra6 97. c4 Rb4 98. cxd5 Rxd4 99.
Rxe6+ Rxe6 100. dxe6 Kxe6 101. Rxa5 Rd6 102. Rb5 Kd7 103. Rb7+ Kc6 104. Rb8 Kc7
105. Re8 Kb6 106. Kc3 Kb5 107. Re5+ Kb6 108. Kc4 Kc6 109. Re7 Rf6 110. b4 Kd6
111. Ra7 Rf8 112. Ra6+ Kc7 113. Rxg6 Kb7 114. Rh6 Rg8 115. Rxh5 Rxg3 116. Rxf5
Rg4 117. h5 Rh4 118. Kc5 Kc7 119. Rf7+ Kb8 120. Kb6 Kc8 121. Kc6 Kb8 122. Rf8+
Ka7 123. b5 Rxh5 124. b6+ Ka6 125. Ra8# {Ris checkmated} 1-0

[Event "ICS rated blitz match"]
[Site "207.99.83.229"]
[Date "1999.06.19"]
[Round "?"]
[White "blunite"]
[Black "Hossa"]
[Result "1-0"]
[WhiteElo "2270"]
[BlackElo "2479"]
[PlyCount "143"]

1. d4 d5 2. c4 c6 3. Nf3 Nf6 4. Nc3 e6 5. e3 Nbd7 6. Bd3 dxc4 7. Bxc4 b5 8. Bd3
Bb7 9. O-O a6 10. e4 c5 11. e5 cxd4 12. Nxb5 axb5 13. exf6 Qxf6 14. Bxb5 Bxf3
15. Bxd7+ Kxd7 16. gxf3 Bc5 17. Re1 Ke8 18. Re4 Kf8 19. Bf4 d3 20. b4 Bd4 21.
Rc1 Bb2 22. Bd6+ Kg8 23. Rc5 Qd8 24. Rec4 h5 25. Qxd3 Rh6 26. f4 Rg6+ 27. Kf1
Bf6 28. a3 Be7 29. Rd4 Bf6 30. Be5 Qe7 31. Rd7 Qe8 32. Rcc7 Rh6 33. b5 Rg6 34.
b6 Rg4 35. b7 Rb8 36. Bxf6 gxf6 37. Rc8 Qxc8 38. bxc8=Q+ Rxc8 39. Rd8+ Rxd8 40.
Qxd8+ Kg7 41. Qd6 f5 42. Qe5+ Kg8 43. a4 Rh4 44. Kg1 Rg4+ 45. Kh1 Kh7 46. a5
Rg8 47. a6 Ra8 48. Qa5 Kh6 49. a7 h4 50. Qb6 f6 51. Qb7 Rf8 52. a8=Q Rxa8 53.
Qxa8 Kh5 54. f3 Kh6 55. Qf8+ Kg6 56. Qg8+ Kh6 57. Qxe6 Kg7 58. Qe7+ Kg6 59. Qf8
Kh7 60. Qxf6 h3 61. Qxf5+ Kg7 62. Qxh3 Kf6 63. Qg4 Ke7 64. f5 Kf7 65. Qg6+ Kf8
66. h4 Ke7 67. h5 Kd7 68. h6 Kc7 69. h7 Kd7 70. h8=Q Kc7 71. Qhh7+ Kd8 72.
Qgg8# {Hossa checkmated} 1-0